Immigration to the Netherlands by Country - Statistics

General Stats
  • This quiz has been taken 71 times
  • The average score is 16 of 20
Answer Stats
Population (2024) Country % Correct
98,000 United Kingdom
97%
117,000 Belgium
92%
173,000 Germany
90%
349,000 China
89%
240,000 India
87%
419,000 Morocco
85%
126,000 Syria
85%
91,000 Russia
82%
220,000 Poland
81%
581,000 Indonesia
79%
84,000 Iraq
79%
54,000 Spain
77%
110,000 Ukraine
77%
67,000 Iran
76%
52,000 Romania
76%
1,250,000 Turkey
76%
350,000 Suriname
74%
50,000 Bulgaria
66%
92,000 Serbia
60%
55,000 Afghanistan
55%
No matching quizzes found
Score Distribution
Percent of People with Each Score
Percentile by Number Answered
Your Score History
You have not taken this quiz